| 000 | 00793 a2200277 4500 | ||
|---|---|---|---|
| 999 |
_c22977 _d9633 |
||
| 001 | 22977 | ||
| 003 | TR-AnTOB | ||
| 005 | 20190408220152.0 | ||
| 008 | 050112s1996 tu tur | ||
| 020 | _a9758030051 | ||
| 040 |
_aTR-AnTOB _cTR-AnTOB |
||
| 041 | _atur | ||
| 050 |
_aTR140.E3 _bB76 1996 |
||
| 090 | _aTR140.E3 B76 1996 | ||
| 100 |
_aBrooke-Ball, Peter _916562 |
||
| 245 | 0 |
_aGeorge Eastman ve Kodak / _cPeter Brooke-Ball ; çev. Ayşe Aydoğan. |
|
| 264 | 1 |
_aAnkara : _bİlkkaynak Kültür ve Sanat Ürünleri, _c1996 |
|
| 300 |
_a64 p. : _bcol. ill. ; _c22 cm |
||
| 490 | 0 | _aİş Dünyasına Yön Verenler : Kodak | |
| 500 | _aIncludes index. | ||
| 600 | 1 | 0 |
_aEastman, George, _d1854-1932 _978293 |
| 610 | 2 | 0 |
_aEastman Kodak Company _978857 |
| 902 | _a*** | ||
| 942 |
_cBK _2lcc |
||